000 00647nam a22001697a 4500
008 201202b ||||| |||| 00| 0 eng d
020 _a0415234794 (alk. paper)
050 _aDT29
_b.E53 2003
245 _aEncyclopedia of twentieth-century African history /
_ceditor : Paul Tiyambe Zeleza ; deputy editor, Dickson Eyoh.
260 _aLondon ;
_a New York :
_bRoutledge
_c2003.
300 _axxix, 652 p. ;
_c26 cm.
500 _aIncludes bibliographical references and index.
651 _eAfrica
_vEncyclopedias.
_xHistory
_y20th century
700 _aZeleza, Paul Tiyambe,
_d1955-
700 _aEyoh, Dickson,
_d1954-
942 _2lcc
_cBK
999 _c55633
_d55633